<?xml version="1.0" encoding="UTF-8"?>
<record
    xmlns:xsi="http://www.w3.org/2001/XMLSchema-instance"
    xsi:schemaLocation="http://www.loc.gov/MARC21/slim http://www.loc.gov/standards/marcxml/schema/MARC21slim.xsd"
    xmlns="http://www.loc.gov/MARC21/slim">

  <leader>00985aab a2200193 i 4500</leader>
  <controlfield tag="001">768714001</controlfield>
  <controlfield tag="003">CO-MdFUSB</controlfield>
  <controlfield tag="005">20221103151837.0</controlfield>
  <controlfield tag="008">221103s2002    sp ||||| |||| 00|  0spa d</controlfield>
  <datafield tag="040" ind1=" " ind2=" ">
    <subfield code="b">spa</subfield>
    <subfield code="c">CO-MdFUSB</subfield>
    <subfield code="d">CO-MdFUSB</subfield>
  </datafield>
  <datafield tag="041" ind1=" " ind2=" ">
    <subfield code="a">spa</subfield>
  </datafield>
  <datafield tag="100" ind1="1" ind2=" ">
    <subfield code="a">Bong, Sharon A.</subfield>
    <subfield code="e">autor</subfield>
  </datafield>
  <datafield tag="245" ind1="1" ind2="0">
    <subfield code="a">Sufrir, resistir, sanar</subfield>
    <subfield code="b">: una visi&#xF3;n asi&#xE1;tica del cuerpo</subfield>
    <subfield code="c">/ Sharon A. Bong</subfield>
  </datafield>
  <datafield tag="300" ind1=" " ind2=" ">
    <subfield code="a">N&#xFA;mero 295, (2002), P&#xE1;ginas 155-164 </subfield>
    <subfield code="c">; 21 cm</subfield>
  </datafield>
  <datafield tag="520" ind1=" " ind2=" ">
    <subfield code="a">El mundo globalizado produce tambi&#xE9;n im&#xE1;genes globalizadas: im&#xE1;genes globalizadas de personas  e im&#xE1;genes globalizadas de cuerpos humanos. En estas im&#xE1;genes de cuerpos resulta visible la fractura que atraviesa el mundo. Es una fractura que no separa simplemente a "nosotros" de "los otros", sino que pasa tambi&#xE9;n una y otra vez a trav&#xE9;s de las personas.</subfield>
  </datafield>
  <datafield tag="650" ind1=" " ind2="7">
    <subfield code="9">6714</subfield>
    <subfield code="a">Antropolog&#xED;a cultural y social</subfield>
  </datafield>
  <datafield tag="773" ind1="0" ind2=" ">
    <subfield code="t">Concilium</subfield>
    <subfield code="0">49450</subfield>
    <subfield code="9">60417</subfield>
    <subfield code="g">N&#xFA;mero 295, (2002), P&#xE1;ginas 155-164 </subfield>
    <subfield code="q">P&#xE1;ginas 155</subfield>
  </datafield>
  <datafield tag="942" ind1=" " ind2=" ">
    <subfield code="c">ANA</subfield>
  </datafield>
  <datafield tag="999" ind1=" " ind2=" ">
    <subfield code="c">49956</subfield>
    <subfield code="d">49956</subfield>
  </datafield>
</record>
